|
|
|
|
| LEADER |
01228nam a2200409 4500 |
| 001 |
DLU090078515 |
| 005 |
##20090608 |
| 040 |
# |
# |
|a DLU
|b eng
|
| 041 |
# |
# |
|a eng
|
| 044 |
# |
# |
|a UK
|
| 245 |
# |
# |
|a Wave propagation in multilayered media /
|c Philipov Philip, Shopolov Nikolay, Ishtev Kamen, Dineva Petia.
|
| 653 |
# |
# |
|a Block diagram
|
| 653 |
# |
# |
|a Direct problem
|
| 653 |
# |
# |
|a Frequency domain model
|
| 653 |
# |
# |
|a Frequency response function
|
| 653 |
# |
# |
|a Inverse problem
|
| 653 |
# |
# |
|a Isolation
|
| 653 |
# |
# |
|a Multilaered media
|
| 653 |
# |
# |
|a Signal flow graph
|
| 653 |
# |
# |
|a Simulation
|
| 653 |
# |
# |
|a Time domain model
|
| 653 |
# |
# |
|a Transfer function
|
| 653 |
# |
# |
|a Wave propagation
|
| 700 |
# |
# |
|a Kamen, Ishtev.
|
| 700 |
# |
# |
|a Nikolay, Shopolov.
|
| 700 |
# |
# |
|a Petia, Dineva.
|
| 700 |
# |
# |
|a Philip, Philipov.
|
| 773 |
# |
# |
|t Nonlinear Analysis, Theory, Methods & Applications
|g Vol. 30, part 4 (December 1997), p. 2031-2040
|
| 920 |
# |
# |
|a Phòng Tạp chí -- Trung tâm Thông tin - Thư viện Trường Đại học Đà Lạt
|
| 994 |
# |
# |
|a DLU
|
| 900 |
# |
# |
|a True
|
| 911 |
# |
# |
|a Trương Bảo Trâm Anh
|
| 925 |
# |
# |
|a G
|
| 926 |
# |
# |
|a A
|
| 927 |
# |
# |
|a BB
|
| 980 |
# |
# |
|a Thư viện Trường Đại học Đà Lạt
|